Marvel Heroes and Villains Anagrams Quiz Stats

 Plays Quiz not verified by Sporcle

Challenge
Share
Tweet
Embed
Score 0/20 Timer 20:00
0 Plays Today
Anagram Marvel Hero or Villain % Correct
HOT RThor
93.6%
OK I LLoki
91.5%
RAIN ON MIron Man
89.4%
HEY WEAKHawkeye
89.4%
I CREAM ACA PAINTCaptain America
87.2%
NAN MATAnt Man
87.2%
ID WACK BOWLBlack Widow
87.2%
THE BLANK PARCBlack Panther
83%
SNIDE PRAMSpider Man
81.9%
M YES QUITMystique
81.9%
Anagram Marvel Hero or Villain % Correct
ROTSMStorm
81.9%
IN LOVE REWWolverine
80.9%
ON MEVVenom
76.6%
DULL SKERRed Skull
75.5%
GON MEATMagneto
74.5%
DAMN AN SSandman
73.4%
CORE LETElectro
62.8%
EGG LINE BORNGreen Goblin
61.7%
HEX IN POPhoenix
56.4%
COOT STROOD CUPDoctor Octopus
55.3%

You're not logged in!

Compare scores with friends on all Sporcle quizzes.
Join for Free
OR
Log In

You Might Also Like...

Show Comments

Extras

Top Quizzes Today


Score Distribution

Your Account Isn't Verified!

In order to create a playlist on Sporcle, you need to verify the email address you used during registration. Go to your Sporcle Settings to finish the process.

Report this User

Report this user for behavior that violates our Community Guidelines.

Details: